| 000 | 00440nam a2200169Ia 4500 | ||
|---|---|---|---|
| 005 | 20250603145525.0 | ||
| 008 | 250603s9999 xx 000 0 und d | ||
| 020 | _a9781597841221 | ||
| 050 | _aBP 187.3 .Y3313/ | ||
| 100 | _aYağmur, Hüseyin | ||
| 245 | 0 | _aPilgrimage in Islam : a comprehensive guide to the Hajj | |
| 260 | _aSomerset, N.J. | ||
| 260 | _bThe Light, Inc. | ||
| 260 | _c2007 | ||
| 650 | _aSomerset, N.J. | ||
| 942 | _cBK | ||
| 999 |
_c42106 _d42106 |
||